Statistics for Top 10 Most Annoying Places To Land On In Monopoly

Click here to take the quiz!

General Stats

  • This quiz has been taken 30 times
  • The average score is 4 of 10

Answer Stats

HintAnswer% Correct
4Go To Jail
93%
5Boardwalk
67%
8Railroad
52%
2Chance where you have to pay $150
44%
6Luxury Tax
37%
1Kentucky, Why Can't I Just Land On Free Parking?
22%
3Marvin Gardens
19%
9Tennessee
15%
10Connecticut
7%
7Pacific
7%

Score Distribution

Percentile by Number Answered

Percent of People with Each Score

Your Score History

You have not taken this quiz